Romanticism and its discontents

Αποθηκεύτηκε σε:
Λεπτομέρειες βιβλιογραφικής εγγραφής
Κύριος συγγραφέας: Brookner, Anita
Μορφή: Βιβλίο
Γλώσσα:English
Δημοσίευση: New York : Farrar, Straus and Giroux, 2000.
Θέματα:
Ετικέτες: Προσθήκη ετικέτας
Δεν υπάρχουν, Καταχωρήστε ετικέτα πρώτοι!

MARC

LEADER 00000nam a2200000 a 4500
001 1/126679
008 230525s2000####nyu| ||| |||| ||eng||
020 |a 0374251592 
040 |a GR-MyUa  |b gre  |c GR-MyUa  |e AACR2 
041 0 |a eng 
082 7 |a 759.4  |2 (23) 
100 1 |a Brookner, Anita. 
245 1 0 |a Romanticism and its discontents /   |c Anita Brookner.  
260 |a New York :   |b Farrar, Straus and Giroux,   |c 2000.  
300 |a ix, 198 σ. ;   |c 24 εκ.  
650 0 |a Painting, French  |y 19th century. 
650 0 |a Romanticism in art 
852 |a INST  |b LESVOS  |e 20230525  |h 759.4 BRO  |p 005100064563  |q 005100064563  |t BK  |y 0 
970 |a Δημάκη  |b Μαρία  |z 25-05-2023